00743nam a2200205 4500008004100000020001700041050002100058082002500079100003000104245003600134250001800170260004700188300003400235490002300269500003000292505014000322650002200462650002700484650002600511190523r20101998sp o|||| |||| 00| 0 spa d a978843422007 aNK4225bC43 2010 a738.142bCh928m 2010 1aChavarria, Joaquimeautor aModeladoc/ Joaquim Chavarría a6a. edición aBarcelona, Españab: Parramón c, 2010 a64 páginasb: fotografías aAula de Cerámica aIncluye: Glosario (p. 64) aIntroducción Modelado con pellizcos Modelado con rollos Modelado con tiras Modelado con planchas Modelado en macizo Hornos y coción14aMODELADOxARCILLA14aALFARERÍAxTÉCNICA14aCERÁMICAxTÉCNICA